<?xml version="1.0" encoding="UTF-8"?><?xml-stylesheet type="text/xsl" href="static/style.xsl"?><OAI-PMH xmlns="http://www.openarchives.org/OAI/2.0/" xmlns:xsi="http://www.w3.org/2001/XMLSchema-instance" xsi:schemaLocation="http://www.openarchives.org/OAI/2.0/ http://www.openarchives.org/OAI/2.0/OAI-PMH.xsd"><responseDate>2026-04-17T03:49:07Z</responseDate><request verb="GetRecord" identifier="oai:www.recercat.cat:10256/13221" metadataPrefix="marc">https://recercat.cat/oai/request</request><GetRecord><record><header><identifier>oai:recercat.cat:10256/13221</identifier><datestamp>2024-06-18T11:53:11Z</datestamp><setSpec>com_2072_452955</setSpec><setSpec>com_2072_2054</setSpec><setSpec>col_2072_452959</setSpec><setSpec>col_2072_453077</setSpec></header><metadata><record xmlns="http://www.loc.gov/MARC21/slim" xmlns:dcterms="http://purl.org/dc/terms/" xmlns:xsi="http://www.w3.org/2001/XMLSchema-instance" xmlns:doc="http://www.lyncode.com/xoai" xsi:schemaLocation="http://www.loc.gov/MARC21/slim http://www.loc.gov/standards/marcxml/schema/MARC21slim.xsd">
   <leader>00925njm 22002777a 4500</leader>
   <datafield ind2=" " ind1=" " tag="042">
      <subfield code="a">dc</subfield>
   </datafield>
   <datafield ind2=" " ind1=" " tag="720">
      <subfield code="a">Aristi, Ibon</subfield>
      <subfield code="e">author</subfield>
   </datafield>
   <datafield ind2=" " ind1=" " tag="720">
      <subfield code="a">von Schiller, Daniel</subfield>
      <subfield code="e">author</subfield>
   </datafield>
   <datafield ind2=" " ind1=" " tag="720">
      <subfield code="a">Arroita, Maite</subfield>
      <subfield code="e">author</subfield>
   </datafield>
   <datafield ind2=" " ind1=" " tag="720">
      <subfield code="a">Barceló i Cullerés, Damià</subfield>
      <subfield code="e">author</subfield>
   </datafield>
   <datafield ind2=" " ind1=" " tag="720">
      <subfield code="a">Ponsatí Sánchez, Lídia</subfield>
      <subfield code="e">author</subfield>
   </datafield>
   <datafield ind2=" " ind1=" " tag="720">
      <subfield code="a">García-Galán, Maria Jesús</subfield>
      <subfield code="e">author</subfield>
   </datafield>
   <datafield ind2=" " ind1=" " tag="720">
      <subfield code="a">Sabater, Sergi</subfield>
      <subfield code="e">author</subfield>
   </datafield>
   <datafield ind2=" " ind1=" " tag="720">
      <subfield code="a">Elosegi, Arturo</subfield>
      <subfield code="e">author</subfield>
   </datafield>
   <datafield ind2=" " ind1=" " tag="720">
      <subfield code="a">Acuña i Salazar, Vicenç</subfield>
      <subfield code="e">author</subfield>
   </datafield>
   <datafield ind2=" " ind1=" " tag="260">
      <subfield code="c">2015-07</subfield>
   </datafield>
   <datafield ind2=" " ind1=" " tag="520">
      <subfield code="a">The effluents of wastewater treatment plants (WWTPs) include a complex mixture of nutrients and pollutants. Nutrients can subsidise autotrophic and heterotrophic organisms, while toxic pollutants can act as stressors, depending, for instance, on their concentration and interactions in the environment. Hence, it is difficult to predict the overall effect of WWTP effluents on river ecosystem functioning. We assessed the effects of WWTP effluents on river biofilms and ecosystem metabolism in one river segment upstream from a WWTP and three segments downstream from the WWTP and following a pollution gradient. The photosynthetic capacity and enzymatic activity of biofilms showed no change, with the exception of leucine aminopeptidase, which followed the pollution gradient most likely driven by changes in organic matter availability. The effluent produced mixed effects on ecosystem-scale metabolism. It promoted respiration (subsidy effect), probably as a consequence of enhanced availability of organic matter. On the other hand, and despite enhanced nutrient concentrations, photosynthesis-irradiance relationships showed that the effluent partly decoupled primary production from light availability, thus suggesting a stress effect. Overall, WWTP effluents can alter the balance between autotrophic and heterotrophic processes and produce spatial discontinuities in ecosystem functioning along rivers as a consequence of the mixed contribution of stressors and subsidisers</subfield>
   </datafield>
   <datafield ind2=" " ind1=" " tag="520">
      <subfield code="a">This research was supported by the Spanish Ministry of Economy and Competitiveness and FEDER foundings&#xd;
through the SCARCE Consolider-Ingenio CSD2009-00065 and ABSTRACT CGL2012-35848 projects, and the European Communities 7th Framework Programme Funding under Grant agreement no. 603629-ENV-2013-6.2.1-Globaqua. We especially thank the people who assisted in the field and in the laboratory. A thorough review of the manuscript by Prof. Roger I. Jones and two unknown reviewers is deeply appreciated too. We also want to acknowledge financial support in terms of predoctoral grants from the University of the Basque Country (I. Aristi), the Basque Government (M. Arroita), as well as a postdoctoral grant ‘Juan de la Cierva’ (jci-2010-06397) (D. von Schiller) and a Marie Curie European Reintegration Grant (PERG07-GA-2010-259219) (V. Acuña). This work was partly supported by the Basque Government (Consolidated Research Group: Stream Ecology 7-CA-18/10)</subfield>
   </datafield>
   <datafield ind1="8" ind2=" " tag="024">
      <subfield code="a">http://hdl.handle.net/10256/13221</subfield>
   </datafield>
   <datafield tag="653" ind2=" " ind1=" ">
      <subfield code="a">Ecologia fluvial</subfield>
   </datafield>
   <datafield tag="653" ind2=" " ind1=" ">
      <subfield code="a">Stream ecology</subfield>
   </datafield>
   <datafield tag="653" ind2=" " ind1=" ">
      <subfield code="a">Ecologia d'aigua dolça</subfield>
   </datafield>
   <datafield tag="653" ind2=" " ind1=" ">
      <subfield code="a">Freshwater ecology</subfield>
   </datafield>
   <datafield tag="653" ind2=" " ind1=" ">
      <subfield code="a">Biologia d'aigua dolça</subfield>
   </datafield>
   <datafield tag="653" ind2=" " ind1=" ">
      <subfield code="a">Freshwater biology</subfield>
   </datafield>
   <datafield tag="653" ind2=" " ind1=" ">
      <subfield code="a">Aigües residuals -- Plantes de tractament</subfield>
   </datafield>
   <datafield tag="653" ind2=" " ind1=" ">
      <subfield code="a">Sewage disposal plants</subfield>
   </datafield>
   <datafield ind2="0" ind1="0" tag="245">
      <subfield code="a">Mixed effects of effluents from a wastewater treatment plant on river ecosystem metabolism: Subsidy or stress?</subfield>
   </datafield>
</record></metadata></record></GetRecord></OAI-PMH>